| 000 | 00513nam a22001577a 4500 | ||
|---|---|---|---|
| 999 |
_c534124 _d534124 |
||
| 020 | _qHard Cover. | ||
| 082 | _a616 | ||
| 100 | _aAzam, Sakandar | ||
| 245 |
_aPrediction REsponse in HCV Infection by Assessment of IFN-y and Trail- R1 Related SNPs / _cSakandar Azam. |
||
| 260 |
_aIslamabad : _bASAB - NUST, _c2013. |
||
| 300 | _c30cm. | ||
| 942 |
_2ddc _cTHE |
||
| 650 |
_aVirology an Immunology MS-Thesis. _928270 |
||
| 700 |
_aDr. Sobia Manzoor. _919265 |
||